书目信息 |
| 题名: |
裴多菲评传
|
|
| 作者: | 兴万生 著 | |
| 分册: | ||
| 出版信息: | 上海 上海文艺出版社 1981 |
|
| 页数: | 400页 | |
| 开本: | 21cm | |
| 丛书名: | ||
| 单 册: | ||
| 中图分类: | K835.155.6 | |
| 科图分类: | ||
| 主题词: | 历史 , 地理 | |
| 电子资源: | ||
| ISBN: | ||
| 000 | 00648nam0 2200253 45 | |
| 001 | 0181010140 | |
| 005 | 20040512154258.2 | |
| 010 | @dCNY1.25 | |
| 091 | @a10078.3190 | |
| 100 | @a19950317d1981 em y0chiy0121 ea | |
| 101 | 0 | @achi |
| 102 | @aCN@b310000 | |
| 105 | @af z 000yb | |
| 106 | @ar | |
| 200 | 10 | @a裴多菲评传@Apei duo fei ping zhuan@f兴万生著 |
| 210 | @a上海@c上海文艺出版社@d1981 | |
| 215 | @a400页@c插图@d21cm | |
| 606 | 0 | @a历史 |
| 606 | 0 | @a地理 |
| 690 | @aK835.155.6 | |
| 701 | 0 | @a兴万生@Axing wan sheng@4著 |
| 801 | 0 | @aCN@b上海图书馆@c20040512 |
| 801 | 2 | @aCN@bNLC@c20040512 |
| 905 | @f4@b115259-262@dK835.155.6@e75 | |
| 裴多菲评传/兴万生著.-上海:上海文艺出版社,1981 |
| 400页:插图;21cm |
| ISBN :CNY1.25 |
| ● |
| 相关链接 |
|
|
|
|
正题名:裴多菲评传
索取号:K835.155.6/75
 
预约/预借
| 序号 | 登录号 | 条形码 | 馆藏地/架位号 | 状态 | 备注 |
| 1 | 0115259 | 001541371 | 第二借阅区/ [索取号:K835.155.6/75] | 在馆 | |
| 2 | 0115260 | 001541433 | 密集书库/ [索取号:K835.155.6/75] | 在馆 | |
| 3 | 0115261 | 001541415 | 密集书库/ [索取号:K835.155.6/75] | 在馆 | |
| 4 | 0115262 | 001541424 | 密集书库/ [索取号:K835.155.6/75] | 在馆 | |
| 5 | 0115263 | 001541442 | 第二样本阅览室/ [索取号:K835.155.6/75] | 在馆 |